000 00553nam a2200181Ia 4500
003 GCL
008 140319s9999 xx 000 0 ara d
040 _aGCL /
_cGCL
082 0 4 _a813.03
_bك ص
100 1 _aكمال القلش
245 1 0 _aصدمة طائر غريب /
_cكمال القلش
300 _a114 ص
490 _aروايات الثقافة الجديدة
_v0
650 0 4 _aالقصص العربية
650 0 4 _aالادب العربى - العصر الحديث
650 0 4 _aالقصص العربية - مصر
942 _2ddc
_cBK
999 _c39949
_d39949